000 00730nam a2200217Ii 4500
003 JO-AjNU
008 230605s9999||||xx |||||||||||||| ||und||
017 _a2507
040 _aJO-AjNU
_bara
_erda
_cJO-AjNU
041 _aara
050 1 4 _aHM131 .S8
100 3 _aالسلمي، علي ,
_eauthor
_939603
245 0 0 _aتطور الفكر التنظيمي
250 _aط2
264 3 1 _aالقاهرة: دار غريب للطباعة والنشر
300 _a384ص
_bيحتوي على ببلوغرافية من 378-384ص
336 _atext
_btxt
_2rdacontent
337 _aunmediated
_bn
_2rdamedia
338 _avolume
_bnc
_2rdacarrier
650 4 _aالتنظيم الإداري - الادارة العامة
_939604
999 _aA16739
_c20307
_d20307